000 00667nam a2200265Ia 4500
001 41697
005 20240114003434.0
007 ta
008 080425s1986 g b000 u u
020 _cHB
040 _aCotton College,Assam
082 _a923.3
_bBr 168 Sr
100 _aBrahma, Kameswar .
245 0 _aSrimot Gurudev Kalicharan Brahma /
_cKameswar Brahma.
_hTextual Documents
250 _aIst ed /
260 _aGuwahati :
_bBina Library ,
_c1986.
300 _a64pg ;
_c21cm.
653 _aLife history
653 _aG- Bodo
942 _2ddc
_cBK
999 _c41664
_d41664